000
00336nam a22001577a 4500
003
NUST
020
_a
978969988073
038
_a
WASEEM
082
_a
297.09 AME
100
_a
Syed Ameer Ali
_9
35741
245
_a
The spirt of Islam
260
_a
Lahore
_b
Peace publication
_c
2014
300
_a
514
563
_a
HB.
942
_c
BK
_2
ddc
999
_c
13117
_d
13117